[Event "CAN-ch U10"]
[Site "Windsor"]
[Date "2016.07.05"]
[Round "1.84"]
[White "Si, Patrick"]
[Black "Zhou, Aiden"]
[Result "0-1"]
[WhiteElo "931"]
[BlackElo "1847"]
[PlyCount "58"]
[EventDate "2016.07.05"]
[EventType "swiss"]
[EventRounds "7"]
[EventCountry "CAN"]
[SourceTitle "EXT 2022"]
[Source "ChessBase"]
[SourceDate "2021.10.06"]
[SourceVersion "1"]
[SourceVersionDate "2021.10.06"]
[SourceQuality "1"]

1. e4 c5 2. Nf3 d6 3. Nc3 Nf6 4. h3 Nc6 5. Bc4 e6 6. 0-0 Be7 7. Re1 0-0 8. d3 a6 9. a4 h6 10. Be3 d5 11. exd5 exd5 12. Bb3 d4 13. Bd2 dxc3 14. Bxc3 Nd5 15. Bxd5 Qxd5 16. Ne5 Nxe5 17. Rxe5 Qd8 18. Qf3 Bd6 19. Ree1 Qc7 20. g3 Qc6 21. Qe3 Bxh3 22. f3 Bxg3 23. Re2 Qg6 24. Qxc5 Bd6+ 25. Kh1 Bxc5 26. b4 Bd6 27. Rg1 Qf5 28. Be1 Qxf3+ 29. Reg2 Rfe8 0-1